| 000 | 00720cam a22002174a 4500 | ||
|---|---|---|---|
| 005 | 20250605164135.0 | ||
| 008 | 250528s ||||||||||||||||||||||||d | ||
| 035 | _a18718 | ||
| 020 | _a313239541 | ||
| 040 |
_aGR-AtMCL _bgre _dGR-AtMCL _eAACR2 |
||
| 245 | 1 | _aHandbook of the United States Economic and Financial Indicators | |
| 250 | _a1st | ||
| 260 |
_bGreenwood Press, _c1985 |
||
| 300 | _a232 | ||
| 520 | _aPreface, How to Use this Handbook, Main Entries, Appendices, Nonquantitative Indicators, Abbreviations List and Guide to Sources, List of Compilers of Indicators, Index. | ||
| 700 | 1 |
_aO'Hara Frederick _94970 |
|
| 700 | 1 |
_aSicignano Robert _94971 |
|
| 942 | _cBK | ||
| 999 |
_c4042 _d4042 |
||